Journal of Fluid Mechanics vol 700 Jan (Record no. 24625)

000 -LEADER
fixed length control field 00196nam a22000737a 4500
003 - CONTROL NUMBER IDENTIFIER
control field NUST
005 - DATE AND TIME OF LATEST TRANSACTION
control field 20170615144357.0
008 - FIXED-LENGTH DATA ELEMENTS--GENERAL INFORMATION
fixed length control field 140617b xxu||||| |||| 00| 0 eng d
020 ## - INTERNATIONAL STANDARD BOOK NUMBER
Terms of availability Available
022 ## - INTERNATIONAL STANDARD SERIAL NUMBER
International Standard Serial Number 00221120
040 ## - CATALOGING SOURCE
Original cataloging agency DLC
Language of cataloging DLC
Transcribing agency RCMS
050 ## - LIBRARY OF CONGRESS CALL NUMBER
Classification number 532.14 CAM
082 ## - DEWEY DECIMAL CLASSIFICATION NUMBER
Classification number 532.14 CAM
100 ## - MAIN ENTRY--PERSONAL NAME
Personal name Cambridge University press
9 (RLIN) 2672
245 ## - TITLE STATEMENT
Title Journal of Fluid Mechanics vol 700 Jan
Statement of responsibility, etc. Worster
300 ## - PHYSICAL DESCRIPTION
Extent 542 p.
Dimensions 26 cm.
500 ## - GENERAL NOTE
General note Contents continued on inside back cover.
538 ## - SYSTEM DETAILS NOTE
Display text Shelf # 12, Row # 1, System Engineering.
942 ## - ADDED ENTRY ELEMENTS (KOHA)
Source of classification or shelving scheme
Koha item type Book
Classification part 532.14 CAM
Holdings
Withdrawn status Lost status Source of classification or shelving scheme Damaged status Not for loan Permanent Location Current Location Shelving location Date acquired Total Checkouts Full call number Barcode Date last seen Price effective from Koha item type
          School of Interdisciplinary Engineering and Sciences (SINES) School of Interdisciplinary Engineering and Sciences (SINES) General Stacks 06/17/2014   532.14 CAM RCMS002441 06/17/2014 06/17/2014 Book
© 2023 Central Library, National University of Sciences and Technology. All Rights Reserved.